Super Evangelium s. Matthaei lectura (Record no. 45139)
[ view plain ]
| 000 -LEADER | |
|---|---|
| fixed length control field | 00509nam a2200157Ia 4500 |
| 008 - FIXED-LENGTH DATA ELEMENTS--GENERAL INFORMATION | |
| fixed length control field | 230822s9999 xx 000 0 und d |
| 041 ## - LANGUAGE CODE | |
| Language code of text/sound track or separate title | lat |
| 050 ## - LIBRARY OF CONGRESS CALL NUMBER | |
| Classification number | BR75.T463 |
| Item number | .C3591 1951 |
| 100 ## - MAIN ENTRY--PERSONAL NAME | |
| Personal name | Thomas d'Aquin, saint |
| 245 #0 - TITLE STATEMENT | |
| Title | Super Evangelium s. Matthaei lectura |
| Remainder of title | / |
| Statement of responsibility, etc. | Thomas d'Aquin, saint |
| 250 ## - EDITION STATEMENT | |
| Edition statement | 5th rev. ed. |
| 260 ## - PUBLICATION, DISTRIBUTION, ETC. | |
| Place of publication, distribution, etc. | Taurini; Romae : |
| Name of publisher, distributor, etc. | Marietti, |
| Date of publication, distribution, etc. | 1951 |
| 300 ## - PHYSICAL DESCRIPTION | |
| Extent | ix, 429 p. |
| Other physical details | ; |
| Dimensions | 24 cm. |
| 650 ## - SUBJECT ADDED ENTRY--TOPICAL TERM | |
| Topical term or geographic name entry element | Bible. New Testament. Matthew Comments."Bible. NT. Matthew" commentary. |
No items available.